| 000 | 01074nam a2200277Ia 4500 | ||
|---|---|---|---|
| 003 | OSt | ||
| 005 | 20221005105124.0 | ||
| 006 | a|||||r|||| 00| 0 | ||
| 007 | ta | ||
| 008 | 221004b |||||||| |||| 00| 0 hin d | ||
| 020 |
_a9784382526032 (hbk) _cINR 550.00 |
||
| 024 | _a42799 | ||
| 037 |
_b272, 09/02/2019, Eastern Book Linkers _cTextual |
||
| 040 |
_aCRL _cCRL _bhin |
||
| 041 |
_2hin _ahin |
||
| 082 | _aO152,1J32:g, Q7 | ||
| 100 | _aटोकी, राजेन्द्र, ले. | ||
| 245 | 0 |
_aतुलसीदास _b दृष्टि - प्रति दृष्टि |
|
| 246 | _aTulasīdāsa: dṛuṣhṭi - prati dṛuṣhṭi | ||
| 260 |
_aदिल्ली _bहिमाचल बुक्स भारत _c2017 |
||
| 300 |
_a192पृ0 _ccm. |
||
| 650 | _a हिन्दी साहित्य | ||
| 650 | _aहिन्दी कविता | ||
| 942 |
_hO152,1J32:g, Q7 _cTEXL _2cc |
||
| 999 |
_c1014830 _d1014830 |
||